000 00740nam a2200253Ia 4500
003 OSt
005 20221006140743.0
006 a|||||r|||| 00| 0
007 ta
008 221006b |||||||| |||| 00| 0 eng d
024 _a552
037 _bGift, Japan Foundation
_cTextual
040 _aEASL
_cEASL
_beng
041 _2eng
_aeng
082 _aY3.42, P0
100 _aFUKUOKA Yasunori
_9643385
245 0 _aLives of young Koreans in Japan
260 _aMelbourne
_bTrans Pacific Press
300 _a330p.
_ccm.
490 _v JEL
_aJapanese Socity Series
700 _a GILL Tom Tr.
_9643386
942 _hY3.42, P0
_cTEXL
_2CC
999 _c1068639
_d1068639